000 00579 a2200181 4500
020 _a1587051648
040 _aDLC
_bDLC
082 0 4 _a621.38215
100 1 _aAlexander, Bruce E.
245 1 0 _a802.11 wireless network site surveying and installation
_cBruce E. Alexander
260 _aIndianapolis, IN :
_bCisco,
_cc2005.
300 _axix, 432 p. :
_bill. ;
_c24 cm.
490 1 _aNetworking technology series
500 _aIncludes index.
650 0 _aWireless communication systems.
830 0 _aCisco Press networking technology series.
942 _cBK
_k621.38215 ALE
_2ddc
999 _c8185
_d8185